00691nam a2200229Ia 450000500170000000800410001702000150005802000180007304000530009104100080014410000240015224500640017626000410024030000180028165000260029965000210032565000170034665000270036365100220039070000340041276500150044620211111074506.0130821s2006 ck fr spa d a9587044850 a9789587044850 aCo-BoUCMbspacSaul Niño (Modificó)d[Nuevo]1 aspa1 aPamuk, Orhand1952-13aLa vida nuevacOrhan Pamuk ; traducción Rafael Carpintero aBogotá (Colombia)bAlfaguarac2006 a379 páginas04aLiteratura asiática04aLiteratura turca04aNovela turca 7aAmor en la literatura  7aTurquíavNovela1 aCarpintero, Rafaeletraductor tYeni Hayar